000 00358nam a2200133Ia 4500
005 20260328104328.0
008 260328s9999||||xx |||||||||||||| ||und||
100 _aPérez -Méndez, Alfonso
245 0 _aLas Casas del Pedregal 1947-1968 /
_cAlfonso Pérez -Méndez
260 _bGustavo Gili
300 _a322 p.
650 _aCASAS DE CAMPO
942 _cBK
999 _c11605
_d11605